MyGZULibrary

Research methods in social relations / (Record no. 1172)

MARC details
000 -LEADER
fixed length control field 01226cam a2200325 i 4500
001 - CONTROL NUMBER
control field 1288318
003 - CONTROL NUMBER IDENTIFIER
control field GZU
005 - DATE AND TIME OF LATEST TRANSACTION
control field 20200929100230.0
008 - FIXED-LENGTH DATA ELEMENTS--GENERAL INFORMATION
fixed length control field 760122s1976 nyua b 001 0 eng
010 ## - LIBRARY OF CONGRESS CONTROL NUMBER
LC control number 76002004
020 ## - INTERNATIONAL STANDARD BOOK NUMBER
International Standard Book Number 003080986X
040 ## - CATALOGING SOURCE
Original cataloging agency DLC
Transcribing agency DLC
Modifying agency DLC
050 00 - LIBRARY OF CONGRESS CALL NUMBER
Classification number H61
Item number SEL 1976
082 00 - DEWEY DECIMAL CLASSIFICATION NUMBER
Classification number 300/.72
Edition number 19
100 1# - MAIN ENTRY--PERSONAL NAME
Personal name Selltiz, Claire.
245 10 - TITLE STATEMENT
Title Research methods in social relations /
Statement of responsibility, etc. by Claire Selltiz, Lawrence S. Wrightsman, Stuart W. Cook, in collaboration with George I. Balch, Richard Hofstetter, Leonard Bickman.
250 ## - EDITION STATEMENT
Edition statement 3d ed.
260 ## - PUBLICATION, DISTRIBUTION, ETC.
Place of publication, distribution, etc. New York :
Name of publisher, distributor, etc. Holt, Rinehart and Winston,
Date of publication, distribution, etc. c1976.
300 ## - PHYSICAL DESCRIPTION
Extent xv, 624 p. :
Other physical details ill. ;
Dimensions 25 cm.
500 ## - GENERAL NOTE
General note Previous editions are entered under title.
500 ## - GENERAL NOTE
General note "Published for the Society for the Psychological Study of Social Issues (SPSSI)"
500 ## - GENERAL NOTE
General note Includes index.
504 ## - BIBLIOGRAPHY, ETC. NOTE
Bibliography, etc. note Bibliography: p. 583-609.
650 #0 - SUBJECT ADDED ENTRY--TOPICAL TERM
Topical term or geographic name entry element Social sciences
General subdivision Research.
700 1# - ADDED ENTRY--PERSONAL NAME
Personal name Wrightsman, Lawrence S.
700 1# - ADDED ENTRY--PERSONAL NAME
Personal name Cook, Stuart W.
Fuller form of name (Stuart Wellford),
Dates associated with a name 1913-1993,
Relator term joint author.
710 2# - ADDED ENTRY--CORPORATE NAME
Corporate name or jurisdiction name as entry element Society for the Psychological Study of Social Issues.
906 ## - LOCAL DATA ELEMENT F, LDF (RLIN)
a 7
b cbc
c orignew
d 1
e ocip
f 19
g y-gencatlg
942 ## - ADDED ENTRY ELEMENTS (KOHA)
Source of classification or shelving scheme Library of Congress Classification
Koha item type Books
Classification part 61
Item part SEL
Call number prefix H
Holdings
Withdrawn status Lost status Damaged status Not for loan Collection code Home library Current library Shelving location Date acquired Total Checkouts Full call number Barcode Date last seen Copy number Price effective from Koha item type
        Non-fiction City Campus Library City Campus Library General Stacks 09/29/2020   H61 SEL 1976 024753 09/29/2020 C.1 09/29/2020 Books